| 000 | 00418nam a2200157Ia 4500 | ||
|---|---|---|---|
| 005 | 20240912121232.0 | ||
| 008 | 240806s9999||||xx |||||||||||||| ||eng|| | ||
| 041 | _aeng | ||
| 082 |
_a891.431009 _bTIWC |
||
| 100 | _aTiwari, Santosh Kumar | ||
| 245 | 0 |
_aChhayavadi kavya ki pragatisheel chetna / _cTiwari, Santosh Kumar |
|
| 260 | _bBharateey Granth Niketan, Delhi | ||
| 300 | _a318 | ||
| 650 | _aHindi | ||
| 942 | _cBK | ||
| 999 |
_c20543 _d20543 |
||